Culture Formule 1 - Statistiques

Statistiques générales
  • Ce quiz a été pris 23 fois
  • Le résultat moyen est 18 sur 26
Statistiques - réponses
questions réponse % Correct
Quel numéro portait-il à partir de la réglementation de 2014 ? 19
95%
Nommez un des deux pilotes à avoir 7 titres de champion du monde : Lewis Hamilton, Michael Schumacher
95%
Qui est le seul pilote champion du monde à être français ? Alain Prost
91%
De quel pays vient-il ? Italie
86%
Sous quelle nationalité Alexander Albon concourt-il en F1 ? Thaïlandaise
86%
Niki Lauda a eu trois titre de champion du monde en 1975, en 1977 et en ? 1984
82%
En quelle année est survenu l'accident tragique d'Ayrton Senna ? 1994
82%
Quel pilote de la grille actuelle (2026) vient de Rouen ? Pierre Gasly
82%
Quel est la plus ancienne team de Formule 1 ? Scuderia Ferrari
82%
En quelle année ? 2007
77%
En quelle année ? 2013
77%
En quelle année Nico Hülkenberg est monté pour la première fois sur le podium ? 2025
77%
Depuis quand ? 1950
73%
Qui est le dernier champion du monde avec Ferrari ? Kimi Raïkkönen
73%
Dans quelle team commence Valtteri Bottas sa carrière de Formule 1 ? Williams
73%
Où a eu lieu la première manche du premier championnat du monde de Formule 1 ? Silverstone
68%
Qui est le premier pilote de Formule 1 à devenir champion du monde ? Giuseppe Farina
64%
Qui est le père de Damon Hill ? (prénom + nom) Graham Hill
64%
Qui est le champion du monde en 2009 ? Jenson Button
64%
Qui le portait ? Jules Bianchi
55%
Quel pilote a débuté sa carrière chez Sauber avant d'aller chez Ferrari et terminé par Williams, ayant fait sa carrière en F1 de 2002 à 2017 ? Felippe Massa
50%
Quel numéro en Formule 1 ne peut plus être utilisé ? 17
45%
Qui est le champion du monde en 1992 ? Nigel Mansell
45%
Quel ancien pilote de Formule 1 a gagné les 24 Heures du Mans en 2025 ? Robert Kubica
45%
Nommez un autre pilote champion du monde autrichien autre que Niki Lauda ? Jochen Rindt
27%
Quelle est la particularité du sacre de champion du monde du champion autrichien en 1970 ? titre desservi après sa mort
27%
Aucun quiz correspondant
Distribution des résultats
% des personnes avec chaque résultat
Percentile par nombre de réponses
Votre historique - résultats
Vous n’avez pas pris ce quiz